000 00479nam a22001577a 4500
005 20250122161458.0
008 250122b |||||||| |||| 00| 0 eng d
020 _a9780443072987
050 _aRA420 TEA
245 _aTeaching for Health/
_crevised by Alice M. Kiger, Foreword by Leslie Hardy, Lyn Coutts Mitchell
250 _a3rd ed.
260 _aEdinburgh
_bChurchill Livingstone
_c2004
300 _a246p.
_c24.5cm
700 _aKiger, Alice M.
942 _2lcc
_cBK
_e3rd ed.
_n0
999 _c2827
_d2827